El galón de cabo de mar ó Manual del marinero / (Record no. 161720)

MARC details
000 -LEADER
campo de control de longitud fija 00834nam a2200205 i 4500
001 - NÚMERO DE CONTROL
campo de control 161720
003 - IDENTIFICADOR DE NÚMERO DE CONTROL
campo de control ES-MaACL
005 - FECHA Y HORA DE LA ÚLTIMA TRANSACCIÓN
campo de control 20230906212339.0
008 - DATOS DE LONGITUD FIJA--INFORMACIÓN GENERAL
campo de control de longitud fija 000126s1883 sp |||| | spa d
040 ## - FUENTE DE CATALOGACIÓN
Centro catalogador/agencia de origen CCPB | B
Lengua de catalogación spa
Centro/agencia transcriptor CCPB | B
100 1# - ENTRADA PRINCIPAL--NOMBRE DE PERSONA
Nombre de persona Perea y Orive, Antonio.
9 (RLIN) 130990
245 13 - MENCIÓN DEL TÍTULO
Título El galón de cabo de mar ó Manual del marinero /
Mención de responsabilidad, etc. por Antonio Perea y Orive.
250 ## - MENCION DE EDICION
Mención de edición 3ª ed. considerablemente amp. y corr. con numerosas noticias históricas.
260 ## - PUBLICACIÓN, DISTRIBUCIÓN, ETC.
Lugar de publicación, distribución, etc. Cádiz :
Nombre del editor, distribuidor, etc. [s.n.],
Fecha de publicación, distribución, etc. 1883 (
Fabricante imprenta de la Revista Médica de D. Federico Joly)
300 ## - DESCRIPCIÓN FÍSICA
Extensión 368 p. ;
Dimensiones 19 cm.
530 ## - NOTA DISPONIBLE DE FORMULARIO FÍSICO ADICIONAL
Nota de formato físico adicional disponible Disponible en formato digital.
650 #4 - PUNTO DE ACCESO ADICIONAL DE MATERIA--TÉRMINO DE MATERIA
Término de materia o nombre geográfico como elemento de entrada Marina de guerra-
Subdivisión geográfica España.
9 (RLIN) 136467
852 ## - LOCALIZACIÓN
Ubicación ES-MaACL
Número de control de estantería G-11124
Nota libre -- Enc. tela
856 ## - LOCALIZACIÓN Y ACCESO ELECTRÓNICOS
Identificador Uniforme de Recursos <a href="http://bdh-rd.bne.es/viewer.vm?id=0000096322&page=1 ">http://bdh-rd.bne.es/viewer.vm?id=0000096322&page=1 </a>
Nota pública Biblioteca Digital Hispánica
Holdings
Estatus retirado Estado de pérdida Estado de daño No para préstamo Colección Biblioteca de origen Biblioteca actual Ubicación en estantería Fecha de adquisición Fuente de adquisición Total de préstamos Signatura topográfica completa Código de barras Visto por última vez Precio de reemplazo Tipo de ítem Koha
        Colección digital Biblioteca del Ateneo de Madrid Biblioteca del Ateneo de Madrid Sala Pecera Planta 3 17/01/2008     G-11124 1169403 23/02/2023 23/02/2023 Libro impreso antiguo